000 00523nam a2200205Ia 4500
003 IIN
005 20240118153224.0
008 231217s9999 xx 000 0 und d
020 _cRs.1495.00
_a9789354659027
040 _aIIN
_bEng
082 _a618.2
_bDUT
100 1 _aDutta, D.C.
245 1 _aTextbook of Obstetrics
_cD.C. Dutta & Hiralal Konar, Ed.
250 _a10th ed
260 _bJaypee
_aNew Delhi
_c2023
300 _axxxv, 657p.
650 1 _aObstetrics
700 1 _aKonar, Hiralal
942 _cBOOK
999 _c1437
_d1437